Movies Quiz

Random Movies or Disney Quiz

The Little Mermaid Songs Quiz Stats

Quiz Updated Jul 13, 2012

Challenge
Share
Tweet
Embed
Score 0/8 Timer 04:00
2 Plays Today
Performed by Song % Correct
SebastianUnder the Sea
97.1%
ArielPart of Your World
87%
ArielPart of Your World (Reprise)
84.8%
SebastianKiss the Girl
76.2%
UrsulaPoor Unfortunate Souls
69.3%
Ariel's sistersDaughters of Triton
36.2%
Chef LouisLes Poissons
35.4%
Ship crewFathoms Below
33.9%

You're not logged in!

Compare scores with friends on all Sporcle quizzes.
Join for Free
OR
Log In

You Might Also Like...

Show Comments

Extras

Top Quizzes Today


Score Distribution

Your Account Isn't Verified!

In order to create a playlist on Sporcle, you need to verify the email address you used during registration. Go to your Sporcle Settings to finish the process.

Report this User

Report this user for behavior that violates our Community Guidelines.

Details: